000 00540nam a2200229Ia 4500
003 OSt
005 20220924135021.0
006 a|||||r|||| 00| 0
007 ta
008 220923b |||||||| |||| 00| 0 ben d
024 _a288339
037 _cTextual
040 _aARTS
_cARTS
_bben
041 _2ben
_aben
082 _aNQxN17, 157M3
100 _aMajumdar
_9102748
245 0 _aPunacha Pari
260 _c1983
650 _aARTS
942 _hNQxN17, 157M3
_cTEXL
_2CC
999 _c439514
_d439514